000
00257nam a22001217a 4500
008
180130b xxu||||| |||| 00| 0 eng d
041
_a
eng
080
_a
821
100
_a
21
101
_a
GJL
245
_a
The Harvard Letters
_c
Carlisle
942
_2
udc
_c
BK
999
_c
41263
_d
41263